000 00484nab a2200157Ia 4500
003 ES-SlBCS
005 20210601133741.0
008 140529s2009 xxu||||| |||| 00| 0 por d
041 _apor
100 1 _aGatti, Décio
_9209208
245 0 0 _aApresentaçao do dossiê
_c Décio Gatti, Marta María de Araújo
650 0 4 _aEscuela
_9131104
700 1 _aAraújo, Marta María de
_9209211
773 0 _tEducaçao e Filosofia
_gvol. 23, nº. 46, 2009, págs. 15-18
_wRev1534
942 _cAR
999 _c601519
_d601519